| 000 | 00399pab a2200169 454500 | ||
|---|---|---|---|
| 008 | 180718b1984 xxu||||| |||| 00| 0 eng d | ||
| 100 | _aSatyanarayana, T. | ||
| 245 | _aA cooperative approach to social forestry | ||
| 260 | _c1984 | ||
| 300 | _a29-31 | ||
| 362 | _aSept. | ||
| 650 | _aForests - India | ||
| 700 | _aY.J. Peter | ||
| 700 | _aA.K. Bisaria | ||
| 773 | _aKurukshetra | ||
| 909 | _a8887 | ||
| 999 |
_c8887 _d8887 |
||